| 000 | 00000nam##2200000za#4500 |
| 001 | 9.571336 |
| 003 | CaOODSP |
| 005 | 20210624182656 |
| 007 | cr ||||||||||| |
| 008 | 150406|1998||||xxc|||||o f|0| 0 eng|d |
| 040 | |aCaOODSP|beng |
| 043 | |an-cn--- |
| 086 | 1 |aTU3-5/98-45E-PDF |
| 110 | 2 |aTransportation Safety Board of Canada. |
| 245 | 10|aCollision with terrain, Cessna 172M C-GDTK, Liverpool, Nova Scotia 2 nm West, 15 December 1998 |h[electronic resource] |
| 260 | |aGatineau - Quebec : |bTransportation Safety Board of Canada |c[2000]. |
| 300 | |a17p.|bglossary, tables |
| 490 | 1 |aAviation investigation report |vA98A0184 |
| 500 | |a"The Board ... authorized the release of this report on 14 January 2000."--p.15 of 17. |
| 590 | |a12-19-Supp|b2012-04-30 |
| 775 | 08|tCollision avec le relief, Cessna 172M C-GDTK, 2 nm à l'ouest de Liverpool (Nouvelle-Écosse), le 15 décembre 1998 |w(CaOODSP)9.601950 |
| 830 | #0|aAviation investigation report ;|vA98A0184|w(CaOODSP)9.504825 |
| 856 | 40|ahttp://publications.gc.ca|qPDF|s107 KB|uhttps://publications.gc.ca/collections/collection_2011/bst-tsb/TU3-5-98-45-eng.pdf|yA98A0184 |